01141nam a2200193Ia 4500001001100000003001000011008004100021040002500062041001300087100003000100245002700130250001100157260009200168300001200260500026600272501011400538520026600652650002900918L232-27285IT-CnALBA170116s9999||||xx |||||||||||||| ||und|| aIT-CnALBAcIT-CnALBA aITALIANO aTETTAMANZI DIONIGI, MONS. 0aLO SGUARDO DI CRISTO.  a1a ed. aCINISELLO BALSAMO (MI)bEDIZIONI PAOLINEc1996 [1° Ed.:1996 - Ed.Ling.Originale: 1996] a201 p.  aPREFAZIONE DEL CARD. CAMILLO RUINI. MEDITAZIONI DI MONS. ANGELO COMASTRI. CARTA D'IDENTITÀ DI GESÙ. I PASSI DELLA FEDE. FEDE MAGGIORENNE. ACQUA E SANGUE. IL VERBO SI È FATTO FUMETTO. LA NUOVA LEGGE: CREDERE, OBBEDIRE, SEGUIRE. MEDITAZIONI E PREGHIERE PER  aSocietà San Paolo EM - Piazza San Paolo, 14 - 12051 ALBA (CN) (non commercial uses only) ® Copyright 2017 aPREFAZIONE DEL CARD. CAMILLO RUINI. MEDITAZIONI DI MONS. ANGELO COMASTRI. CARTA D'IDENTITÀ DI GESÙ. I PASSI DELLA FEDE. FEDE MAGGIORENNE. ACQUA E SANGUE. IL VERBO SI È FATTO FUMETTO. LA NUOVA LEGGE: CREDERE, OBBEDIRE, SEGUIRE. MEDITAZIONI E PREGHIERE PER  aVITA E MISTERO DI CRISTO